Place Names in their Native Language #3 - Statistics

General Stats
  • This quiz has been taken 9,306 times
    9,260 since last reset
  • The average score is 10 of 21
Answer Stats
native English % Correct
Polska Poland
98%
Bruxelles Brussels
93%
Köln Cologne
88%
Ísland Iceland
86%
Hrvatska Croatia
71%
Владивосток Vladivostok
57%
Aotearoa New Zealand
54%
Беларусь Belarus
53%
Uluru Ayers Rock
51%
Kaapstad Cape Town
45%
Shqipëria Albania
44%
al-Maghrib Morocco
44%
al-Jazā’er Algiers
40%
Donau Danube
37%
Kıbrıs Cyprus
35%
Crna Gora Montenegro
33%
Bharat India
32%
Ostsee Baltic Sea
31%
Dùn Èideann Edinburgh
24%
Lac Léman Lake Geneva
19%
As-Suways Suez
13%
No matching quizzes found
Score Distribution
Percent of People with Each Score
Percentile by Number Answered
Your Score History
You have not taken this quiz since the last reset